Which Countries Tile Quiz - Statistics

General Stats
  • This quiz has been taken 499 times
  • The average score is 30 of 45
Answer Stats
Question Tile Select % Correct
Countries' flags that contain red Denmark Yes
97%
Countries' flags that contain red India No
96%
Countries' flags that contain red Malta Yes
94%
Countries that are monarchies (in any form) Peru No
94%
Countries' flags that contain red Cyprus No
92%
Countries' flags that contain red South Africa Yes
92%
Countries that have reached 50 degrees celcius United States of America Yes
91%
Countries' flags that contain red Palau No
90%
Countries that are monarchies (in any form) Turkey No
89%
Countries that are monarchies (in any form) Sweden Yes
88%
Countries with English as an official language Antigua and Barbuda Yes
86%
Countries that are monarchies (in any form) Jordan Yes
86%
Countries with English as an official language Egypt No
84%
Countries with English as an official language Luxembourg No
84%
Countries that are monarchies (in any form) Moldova No
84%
Countries that have reached 50 degrees celcius Argentina No
81%
Countries that have reached 50 degrees celcius Australia Yes
81%
Countries with English as an official language Comoros No
81%
Countries that have reached 50 degrees celcius Oman Yes
81%
Countries that are monarchies (in any form) Austria No
80%
Countries' flags that contain red Papua New Guinea Yes
79%
Countries that are monarchies (in any form) Eswatini Yes
77%
Countries that have reached 50 degrees celcius Thailand No
77%
Countries that have more men than women Canada No
73%
Countries' flags that contain red Chad Yes
67%
Countries that have reached 50 degrees celcius Bangladesh No
66%
Countries that have reached 50 degrees celcius Tunisia Yes
66%
Countries with English as an official language Samoa Yes
65%
Countries that are monarchies (in any form) Trinidad and Tobago No
59%
Countries that have reached 50 degrees celcius Turkey No
59%
Countries that have more men than women Algeria Yes
53%
Countries that have more men than women Nigeria Yes
51%
Countries that have more men than women Russia No
51%
Countries that have more men than women Myanmar No
47%
Countries that are monarchies (in any form) Samoa Yes
47%
Countries' flags that contain red Tuvalu Yes
47%
Countries with English as an official language Gambia Yes
46%
Countries that have more men than women Papua New Guinea Yes
42%
Countries that have more men than women Turkey No
41%
Countries with English as an official language Rwanda Yes
39%
Countries with English as an official language United States of America No
36%
Countries that have more men than women Mongolia No
27%
Countries that have more men than women Sweden Yes
22%
Countries that have reached 50 degrees celcius Sudan No
14%
Countries with English as an official language Australia No
7%
No matching quizzes found
Score Distribution
Percent of People with Each Score
Percentile by Number Answered
Your Score History
You have not taken this quiz